Writing Effectively: A Practical Guide (Record no. 2505)

MARC details
000 -LEADER
fixed length control field 00345nam a22001337a 4500
008 - FIXED-LENGTH DATA ELEMENTS--GENERAL INFORMATION
fixed length control field 250320b |||||||| |||| 00| 0 eng d
020 ## - INTERNATIONAL STANDARD BOOK NUMBER
ISBN 0139698248
100 ## - MAIN ENTRY--AUTHOR
Author KELSCH, Lynn Mary
245 ## - TITLE STATEMENT
Title Writing Effectively: A Practical Guide
260 ## - PUBLICATION, DISTRIBUTION, ETC. (IMPRINT)
Place of publication New Jersey
Name of publisher Prentice-Hall
Date of publication 1981
300 ## - COLLATION
Pagination xi, 163p.
942 ## - ADDED ENTRY ELEMENTS (KOHA)
Item type Books
050 ## - LIBRARY OF CONGRESS CALL NUMBER
Classification number PE1408
Item number .K45

No items available.